Les plus gros transferts du foot - Statistiques

Statistiques générales
  • Ce quiz a été pris 607 fois
    338 depuis la dernière actualisation
  • Le résultat moyen est 17 sur 20
Statistiques - réponses
Rang Prix Joueurs Provenance Destination Année % Correct
2 180M€ Kylian Mbappe AS Monaco PSG 2018
99%
1 222M€ Neymar Jr FC Barcelone PSG 2017
99%
9 117M€ Cristiano Ronaldo Real Madrid Juventus 2018
97%
20 94M€ Cristiano Ronaldo Manchester United Real Madrid 2009
97%
7 120M€ Antoine Griezmann Atlético Madrid FC Barcelone 2019
89%
14 105M€ Paul Pogba Juventus Manchester United 2016
87%
18 95M€ Randal Kolo Muani E. Francfort PSG 2023
87%
17 100M€ Harry Kane Tottenham Bayern Munich 2023
85%
15 103M€ Jude Bellingham Borussia Dortmund Real Madrid 2023
85%
4 135M€ Ousmane Dembélé Borussia Dortmund FC Barcelone 2017
85%
3 135M€ Philippe Coutinho Liverpool FC Barcelone 2018
84%
5 127M€ João Félix Benfica Lisbonne Atlético Madrid 2019
83%
8 117,5M€ Jack Grealish Aston Villa Manchester City 2021
82%
16 101M€ Gareth Bale Tottenham Real Madrid 2013
81%
12 115M€ Eden Hazard Chelsea Real Madrid 2019
78%
13 113M€ Romelu Lukaku Inter Milan Chelsea 2021
77%
10 116,6M€ Declan Rice West Ham United Arsenal 2023
75%
6 121M€ Enzo Fernández Benfica Lisbonne Chelsea 2023
67%
19 95M€ Antony Ajax Amsterdam Manchester United 2022
66%
11 116M€ Moisés Caicedo Brighton Chelsea 2023
61%
Aucun quiz correspondant
Distribution des résultats
% des personnes avec chaque résultat
Percentile par nombre de réponses
Votre historique - résultats
Vous n’avez pas pris ce quiz depuis la dernière actualisation